Представление документа в формате RUSMARC

ПолеНазваниеЗначение
  Тип записи a
  Библиографический уровень m
001 Контрольный номер RU\bookru\bibl\917220
003 Постоянный идентификатор записи http://www.book.ru/book/917220
005 Дата корректировки 20161026112406.4
010 Индекс ISBN __
a ISBN 978-5-406-03560-3
100 Данные общей обработки 0_
a Данные общей обработки 20150519d2016 mk y0rusy50 ca
101 Язык документа 0_
a Язык текста Русский
102 Страна публикации __
a Страна публикации RU
105 Кодированные данные (монография) __
a Кодированные данные (монография) y ||||000yy
200 Заглавие и сведения об ответственности 1_
a Заглавие Маркетинг: кейсы, деловые игры, тесты (для бакалавров)
210 Выходные данные __
a Место издания Москва
c Издательство КноРус
d Дата издания 2016
215 Физическое описание __
a Объем 288
330 Аннотация __
a Аннотация Представляет собой это сборник кейсов, тестов, тренировочных упражнений, практических ситуаций, деловых игр, примеров историй реальных действующих компаний и их способов решения проблем, возникающих при работе на рынке. В начале каждого раздела дан обобщенный теоретический материал, для краткости и удобства сведенный в табличную и графическую форму. Все примеры проанализированы и прокомментированы профессионалами. Основной целью книги является выделение, проработка и удобная систематизация ключевых аспектов маркетинга. Соответствует ФГОС ВПО третьего поколения. Для студентов бакалавриата высших учебных заведений, а также практических работников.
606 Тематические рубрики __
a Основная рубрика Маркетинг. Реклама. Паблик рилейшнз
2 Код системы local
608 Указатель предметных рубрик __
a Жанр/форма Учебное пособие
2 Код системы local
675 Индекс УДК __
a Индекс УДК 65.0(075.8)
z Язык издания rus
686 Индексы других классификаций __
a Классификационный индекс 65.291.551-21я73
2 Код системы rubbk
700 Автор _1
a Фамилия Шаховская Л.С., Попкова Е.Г. под ред. и др.
801 Источник записи _1
a Страна RU
b Организация book_ru
c Дата составления 20150519
g Правила каталогизации RCR
856 Электронный адрес документа 4_
u Универсальный указатель ресурса (URL) http://www.book.ru/book/917220
951 __
a http://www.book.ru/book/917220